| 000 | 00487nam a2200181Ia 4500 | ||
|---|---|---|---|
| 008 | 131103s9999 xx 000 0 und d | ||
| 040 | _aLoreto College | ||
| 041 | _aEnglish | ||
| 082 |
_aREF/920/CAP-HUM _bLCBED/9333 |
||
| 100 | _aHumphris, Frank | ||
| 245 |
_aCaptain Cook _cFrank Humphris |
||
| 260 |
_aLoughborough _bLadybird books _c[19?] |
||
| 300 |
_a50p. _b pic. _c 18 cm. |
||
| 504 | _aIncludes index | ||
| 650 | _aBiography | ||
| 850 | _aLCBED/REF/920/CAP-HUM | ||
| 942 | _cBK | ||
| 999 |
_c33827 _d84306 |
||